000 00491nam a2200205Ia 4500
003 OSt
005 20220924134539.0
006 a|||||r|||| 00| 0
007 ta
008 220923b |||||||| |||| 00| 0 snd d
024 _a276299
037 _cTextual
040 _aARTS
_cARTS
_bsnd
041 _2snd
_asnd
082 _aQ8441:21, 1593J5
245 0 _aGurwani bhakt darshan
260 _c1955
942 _hQ8441:21, 1593J5
_cTEXL
_2CC
999 _c437731
_d437731